| 000 | 00350nam a2200145Ia 4500 | ||
|---|---|---|---|
| 008 | 230917s9999||||xx |||||||||||||| ||und|| | ||
| 040 |
_e49252 _aMAIN |
||
| 041 | _aEnglish | ||
| 082 | _a780.954 S23H | ||
| 100 | _aSharma, Usha | ||
| 245 | 0 | _aHeritage of Indian music 2V | |
| 260 |
_aJaipur _bPrintwell _c1996 |
||
| 300 | _a296 p. ; 276 | ||
| 942 | _cBK | ||
| 999 |
_c95000 _d95000 |
||